000 00375nam a2200169Ia 4500
001 12314
003 IN-NITTTR
005 20251114233115.0
008 251113s9999||||xx |||||||||||||| ||eng||
040 _beng
040 _cIN-NITTTR
041 _aeng
082 _a823 H535D
100 _aHiggins, Jack
245 0 _aDay of judgement. /
_cHiggins, Jack
942 _2ddc
_cBK
999 _c14950
_d14950